书目信息 |
| 题名: |
有机化学
|
|
| 作者: | 尹志刚 主编 | |
| 分册: | ||
| 出版信息: | 郑州 河南科学技术出版社 2010.02 |
|
| 页数: | 472页 | |
| 开本: | 20cm | |
| 丛书名: | ||
| 单 册: | ||
| 中图分类: | O62 | |
| 科图分类: | ||
| 主题词: | 有机化学 | |
| 电子资源: | ||
| ISBN: | 978-7-5349-4249-5 | |
| 000 | 00561nam0 2200193 450 | |
| 001 | 1137370287 | |
| 005 | 20130506094828.37 | |
| 010 | @a978-7-5349-4249-5@dCNY49.00 | |
| 100 | @a20110908d2010 km y0chiy0120 ea | |
| 101 | 0 | @achi |
| 102 | @aCN@b410000 | |
| 200 | 1 | @a有机化学@Ayou ji hua xue@f尹志刚主编@Fyin zhi gang zhu bian |
| 210 | @a郑州@c河南科学技术出版社@d2010.02 | |
| 215 | @a472页@d20cm | |
| 606 | 0 | @a有机化学 |
| 690 | @aO62@v4 | |
| 701 | 0 | @a尹志刚@Ayin zhi gang@4主编 |
| 801 | 0 | @aCN@b大连网信软件有限公司图书馆·11@c20130506 |
| 905 | @aZUCC@dO62@eY605 | |
| 有机化学/尹志刚主编.-郑州:河南科学技术出版社,2010.02 |
| 472页;20cm |
| ISBN 978-7-5349-4249-5:CNY49.00 |
| ● |
| 相关链接 |
|
|
|
正题名:有机化学
索取号:O62/Y605
 
预约/预借
| 序号 | 登录号 | 条形码 | 馆藏地/架位号 | 状态 | 备注 |
| 1 | 477059 | 204770596 | 自科库401/401自科库 62排6列5层/ [索取号:O62/Y605] | 在馆 | |
| 2 | 477060 | 204770603 | 自科库401/401自科库 62排6列5层/ [索取号:O62/Y605] | 在馆 | |
| 3 | 82710 | 200827105 | 城院文库/ [索取号:O62/Y605] | 在馆 |